OM / (Record no. 33156)

MARC details
000 -LEADER
fixed length control field 01694cam a22004217i 4500
005 - DATE AND TIME OF LATEST TRANSACTION
control field 20230727091803.0
008 - FIXED-LENGTH DATA ELEMENTS--GENERAL INFORMATION
fixed length control field 140728t20142015maua 001 0 eng d
010 ## - LIBRARY OF CONGRESS CONTROL NUMBER
LC control number 2014947010
020 ## - INTERNATIONAL STANDARD BOOK NUMBER
ISBN 1285451414
Qualifying information (Student edition)
020 ## - INTERNATIONAL STANDARD BOOK NUMBER
ISBN 9781285451374
Qualifying information (Student edition with CourseMate)
020 ## - INTERNATIONAL STANDARD BOOK NUMBER
ISBN 1285451376
Qualifying information (Student edition with CourseMate)
035 ## - SYSTEM CONTROL NUMBER
System control number (OCoLC)ocn903888467
040 ## - CATALOGING SOURCE
Original cataloging agency Z8R
Language of cataloging eng
Transcribing agency Z8R
Description conventions rda
Modifying agency OCLCF
-- NOC
-- DLC
042 ## - AUTHENTICATION CODE
Authentication code lccopycat
082 04 - DEWEY DECIMAL CLASSIFICATION NUMBER
Classification number 658.5
Edition number 23
Item number COL-O
100 1# - MAIN ENTRY--AUTHOR
Author Name Collier, David A.,
Dates associated with a name 1947-
245 10 - TITLE STATEMENT
Title OM /
Statement of responsibility, etc. David A. Collier, James R. Evans.
250 ## - EDITION STATEMENT
Edition statement Student edition.
260 ## - PUBLICATION, DISTRIBUTION, ETC.
Place of Publication USA
Name of publisher, distributor, etc. Cengage
Date of publication, distribution, etc. 2015
300 ## - PHYSICAL DESCRIPTION
Pages ix, 424 pages, 40 unnumbered pages :
336 ## - CONTENT TYPE
Content type term text
Source rdacontent
337 ## - MEDIA TYPE
Media type term unmediated
Source rdamedia
338 ## - CARRIER TYPE
Carrier type term volume
Source rdacarrier
500 ## - GENERAL NOTE
General note "Print number: 01, Print year: 2014."--Page ii.
504 ## - BIBLIOGRAPHY, ETC. NOTE
Bibliography, etc. note Includes bibliographical references and index.
650 #0 - SUBJECT ADDED ENTRY--TOPICAL TERM
Subject / Department Production management.
650 #7 - SUBJECT ADDED ENTRY--TOPICAL TERM
Subject / Department Production management.
Source of heading or term fast
Authority record control number or standard number (OCoLC)fst01078309
700 1# - ADDED ENTRY--PERSONAL NAME
Personal name Evans, James R.
Dates associated with a name 1950-
246 3# - VARYING FORM OF TITLE
Title proper/short title Operations management 5
264 #1 - PRODUCTION, PUBLICATION, DISTRIBUTION, MANUFACTURE, AND COPYRIGHT NOTICE
Place of production, publication, distribution, manufacture Boston :
Name of producer, publisher, distributor, manufacturer Centage Learning
Date of production, publication, distribution, manufacture, or copyright notice [2014]
264 #4 - PRODUCTION, PUBLICATION, DISTRIBUTION, MANUFACTURE, AND COPYRIGHT NOTICE
Date of production, publication, distribution, manufacture, or copyright notice ©2015
300 ## - PHYSICAL DESCRIPTION
-- color illustrations ;
-- 28 cm
856 42 -
-- Contributor biographical information
-- http://www.loc.gov/catdir/enhancements/fy1606/2014947010-b.html
856 42 -
-- Publisher description
-- http://www.loc.gov/catdir/enhancements/fy1606/2014947010-d.html
856 41 -
-- Table of contents only
-- http://www.loc.gov/catdir/enhancements/fy1606/2014947010-t.html
906 ## - LOCAL DATA ELEMENT F, LDF (RLIN)
a 7
b cbc
c copycat
d 3
e ncip
f 20
g y-gencatlg
952 ## - LOCATION AND ITEM INFORMATION (KOHA)
-- 0
-- 0
952 ## - LOCATION AND ITEM INFORMATION (KOHA)
-- 0
-- 0
952 ## - LOCATION AND ITEM INFORMATION (KOHA)
-- 0
-- 0
952 ## - LOCATION AND ITEM INFORMATION (KOHA)
-- 0
-- 0
952 ## - LOCATION AND ITEM INFORMATION (KOHA)
-- 0
-- 0
Holdings
Lost status Damaged status Collection code Permanent Location Current Location Shelving Location Date acquired Full Call Number Accession No./Barcode Date last seen item type Koha item type
    CS/IT Superior Information Resource Center (SIRC) Superior University- Gold Campus Superior Information Resource Center (SIRC) Superior University- Gold Campus Management (MISC) 07/27/2023 658.5 COL-O 2015 19502 07/27/2023 BOOK BOOK
    CS/IT Superior Information Resource Center (SIRC) Superior University- Gold Campus Superior Information Resource Center (SIRC) Superior University- Gold Campus Management (MISC) 07/27/2023 658.5 COL-O 2015 19503 07/27/2023 BOOK BOOK
    CS/IT Superior Information Resource Center (SIRC) Superior University- Gold Campus Superior Information Resource Center (SIRC) Superior University- Gold Campus Management (MISC) 07/27/2023 658.5 COL-O 2015 19504 03/22/2024 BOOK BOOK
    CS/IT Superior Information Resource Center (SIRC) Superior University- Gold Campus Superior Information Resource Center (SIRC) Superior University- Gold Campus Management (MISC) 07/27/2023 658.5 COL-O 2015 19505 09/14/2023 BOOK BOOK
    CS/IT Superior Information Resource Center (SIRC) Superior University- Gold Campus Superior Information Resource Center (SIRC) Superior University- Gold Campus Management (MISC) 08/24/2023 658.5 COL-O 2015 19684 11/08/2023 BOOK BOOK

Powered by Koha